000 00483 a2200133 4500
001 ART_46693
005 20260410162040.0
008 260409a
245 1 0 _aUn modelo estructuralista-keynesiano de determinación del tipo cambio real “óptimo” para el desarrollo económico brasileño: 1999-2015
100 1 _aNassif, André
700 1 _aFeijo, Carmen Aparecida
700 1 _aAraújo, Eliane
773 0 _tRevista Cepal
_g- Nº 123 (dic. 2017)
_wREV45125
999 _c34770
_d34770